Statistics for Top 10 U.S. States by Air Passengers

Click here to take the quiz!

General Stats

  • This quiz has been taken 130 times
  • The average score is 9 of 10

Answer Stats

PassengersState% Correct
211.50 milCalifornia
100%
104.24 milNew York
100%
162.64 milFlorida
99%
159.72 milTexas
99%
104.05 milGeorgia
93%
99.94 milIllinois
92%
49.10 milWashington
89%
60.04 milColorado
80%
52.75 milVirginia
78%
58.46 milNorth Carolina
71%

Score Distribution

Percentile by Number Answered

Percent of People with Each Score

Your Score History

You have not taken this quiz